000236991 001__ 236991
000236991 005__ 20210218173029.0
000236991 0247_ $$2G:(DE-HGF)$$aG:(DE-HGF)POF4-5251
000236991 035__ $$aG:(DE-HGF)POF4-5251
000236991 150__ $$aMultilevel Brain Organization and Variability$$xPOF IV$$y2021 - 2026
000236991 372__ $$aPOF IV$$s2021$$t2026
000236991 450__ $$5HGF$$a5251$$wd
000236991 450__ $$aMultilevel Brain Organization and Variability$$ieng$$wr
000236991 5101_ $$0I:(DE-588b)5165524-X$$aHelmholtz Gemeinschaft Deutscher Forschungszentren
000236991 550__ $$0G:(DE-HGF)POF4-525$$aDecoding Brain Organization and Dysfunction$$wt
000236991 751_7 $$2DE-HGF$$aIGN_4_DESY [DESY]
000236991 751_7 $$2DE-HGF$$aIGN_4_GSI
000236991 751_7 $$2DE-HGF$$aIGN_4_DKFZ
000236991 751_7 $$2DE-HGF$$aIGN_4_DZNE
000236991 751_7 $$2DE-HGF$$aIGN_4_RWTH
000236991 751_7 $$2DE-HGF$$aIGN_4_I:(DE-H253)HAS-User-20120731 [DESY]
000236991 751_7 $$2DE-HGF$$aIGN_4_I:(DE-H253)Extern-20130219 [DESY]
000236991 751_7 $$2DE-HGF$$aIGN_4_I:(DE-H253)EMBL-20120731 [DESY]
000236991 750_7 $$0V:(DE-HGF)13$$2V:(DE-HGF)$$aLeistungskategorie I
000236991 750_7 $$0V:(DE-HGF)7$$2V:(DE-HGF)$$aSubtopic
000236991 909CO $$ooai:juser.fz-juelich.de:889586$$pauthority$$pauthority:GRANT
000236991 909CO $$ooai:juser.fz-juelich.de:889586
000236991 980__ $$aG
000236991 980__ $$aAUTHORITY